| 000 | 00349nam a2200145Ia 4500 | ||
|---|---|---|---|
| 008 | 230917s9999||||xx |||||||||||||| ||und|| | ||
| 040 |
_e154693 _aMAIN |
||
| 041 | _aEnglish | ||
| 082 | _a294.1 A44A | ||
| 100 | _aAcharya, Narayan | ||
| 245 | 0 | _aAvidyavimarsh. 2 pts. | |
| 260 |
_aDelhi _bPratibha Prakashan _c1995 |
||
| 300 | _a144 p. | ||
| 942 | _cBK | ||
| 999 |
_c94477 _d94477 |
||